[Event "SpringTNM"]
[Site "San Francisco"]
[Date "2005.04.12"]
[Round "3"]
[White "Bacelar, Erickson"]
[Black "Livschitz, Jennifer"]
[Result "1-0"]
[WhiteElo "1679"]
[BlackElo "989"]
[PlyCount "97"]
[EventDate "2005.03.29"]
[EventType "swiss"]
[EventRounds "9"]
[EventCountry "USA"]

1. d4 d5 2. c4 e6 3. cxd5 exd5 4. Nc3 Nf6 5. Bg5 c6 6. e3 Bf5 7. Nf3 Nbd7 8.
Bd3 Bg6 9. O-O Be7 10. a3 O-O 11. Qc2 Ne4 12. Bf4 f5 13. b4 Ndf6 14. Rfc1 Bd6
15. Bxd6 Qxd6 16. Na4 Rac8 17. Nc5 b6 18. Nb3 Nh5 19. g3 Nhf6 20. Ne5 c5 21.
Nxg6 hxg6 22. dxc5 Qe5 23. c6 Rfd8 24. Nd4 Ne8 25. Bxe4 dxe4 26. Qc4+ Qd5 27.
b5 Qxc4 28. Rxc4 Nc7 29. Rac1 Rd5 30. a4 a6 31. Rb4 Rc5 32. Rbb1 Kf7 33. Rc2
axb5 34. axb5 Rxc2 35. Nxc2 Rd8 36. Nd4 Ne6 37. Rb4 Rc8 38. Nxe6 Kxe6 39. Rd4
Rc7 40. h4 Ra7 41. Kf1 Ra1+ 42. Ke2 Ra2+ 43. Rd2 Ra7 44. Kd1 Ra1+ 45. Kc2 Ra2+
46. Kc3 Ra5 47. Kb4 Ra7 48. Rd8 Rc7 49. Rb8 1-0

[Event "SpringTNM"]
[Site "San Francisco"]
[Date "2005.04.12"]
[Round "3"]
[White "Braden, Brian"]
[Black "Chavez, Johnny"]
[Result "0-1"]
[WhiteElo "1054"]
[BlackElo "1760"]
[PlyCount "50"]
[EventDate "2005.03.29"]
[EventType "swiss"]
[EventRounds "9"]
[EventCountry "USA"]

1. d4 c5 2. c3 Nf6 3. Nf3 e6 4. Bf4 cxd4 5. cxd4 Bb4+ 6. Nbd2 Nc6 7. e3 Nh5 8.
Bg3 Nxg3 9. fxg3 a6 10. Bd3 d5 11. O-O O-O 12. Rc1 f6 13. g4 e5 14. dxe5 fxe5
15. Bb1 Bxg4 16. Qc2 e4 17. a3 Bxd2 18. Nxd2 Qg5 19. Qc5 Bh3 20. Bxe4 Ne7 21.
Rxf8+ Rxf8 22. Rf1 Rc8 23. Rf5 Bxf5 24. Nf3 Rxc5 25. Nxg5 dxe4 0-1

[Event "SpringTNM"]
[Site "San Francisco"]
[Date "2005.04.12"]
[Round "3"]
[White "Capdeville, Barry"]
[Black "Mar, Henry"]
[Result "0-1"]
[WhiteElo "1259"]
[BlackElo "1516"]
[PlyCount "60"]
[EventDate "2005.03.29"]
[EventType "swiss"]
[EventRounds "9"]
[EventCountry "USA"]

1. e4 e6 2. d4 d5 3. e5 c5 4. c3 Nc6 5. Nf3 Qb6 6. a3 cxd4 7. cxd4 Nge7 8. b4
a6 9. Bb2 Bd7 10. Nc3 Nf5 11. Na4 Qa7 12. Nc5 Bxc5 13. bxc5 b6 14. Rc1 b5 15.
Bc3 Rb8 16. Rb1 O-O 17. Be2 f6 18. O-O fxe5 19. Nxe5 Nxe5 20. dxe5 Bc6 21. Bd4
Qe7 22. Qc2 Qh4 23. Rb3 Qxd4 24. Rd3 Qxe5 25. f4 Qf6 26. g4 Qg6 27. Bf3 Rbc8
28. g5 Rfd8 29. Qf2 Ne7 30. h4 Qxd3 0-1

[Event "SpringTNM"]
[Site "San Francisco"]
[Date "2005.04.12"]
[Round "3"]
[White "Chan, John"]
[Black "Wilkerson, Max"]
[Result "1-0"]
[WhiteElo "1629"]
[BlackElo "1900"]
[PlyCount "103"]
[EventDate "2005.03.29"]
[EventType "swiss"]
[EventRounds "9"]
[EventCountry "USA"]

1. c4 Nf6 2. Nc3 c5 3. g3 g6 4. Bg2 Bg7 5. Nf3 Nc6 6. O-O O-O 7. a3 d6 8. d3
Bg4 9. Rb1 Qd7 10. Ne1 Bh3 11. f3 h5 12. Ne4 Nxe4 13. dxe4 Be6 14. b3 Nd4 15.
e3 Nc6 16. Nd3 f6 17. Nf4 Bf7 18. Bh3 e6 19. Nd3 Qe7 20. Bg2 Rad8 21. Qc2 Rc8
22. Bh3 Rc7 23. Nf4 b6 24. Bg2 g5 25. Ne2 Bg6 26. Qd2 Rd8 27. f4 d5 28. f5 dxc4
29. Qc2 cxb3 30. Qxb3 Bf7 31. fxe6 Bxe6 32. Qa4 Ne5 33. Nc3 Rcd7 34. Nd5 Bxd5
35. exd5 Rd6 36. e4 Qd7 37. Qc2 c4 38. Rf5 b5 39. Bd2 Nd3 40. Rbf1 Qc7 41. Bh3
Qc5+ 42. Kh1 Qxa3 43. Bxg5 fxg5 44. Rxg5 Qb2 45. Be6+ Rxe6 46. Qxb2 Nxb2 47.
dxe6 c3 48. Rf7 c2 49. Rgxg7+ Kh8 50. Rh7+ Kg8 51. Rfg7+ Kf8 52. e7+ 1-0

[Event "SpringTNM"]
[Site "San Francisco"]
[Date "2005.04.12"]
[Round "3"]
[White "Crawford, Gareth"]
[Black "Ortiz, Charlie"]
[Result "1/2-1/2"]
[WhiteElo "1358"]
[BlackElo "1828"]
[PlyCount "61"]
[EventDate "2005.03.29"]
[EventType "swiss"]
[EventRounds "9"]
[EventCountry "USA"]

1. e4 c5 2. Nf3 d6 3. Bb5+ Bd7 4. Bxd7+ Qxd7 5. O-O Nc6 6. b3 Nf6 7. Re1 g6 8.
Bb2 Bg7 9. d4 cxd4 10. Nxd4 O-O 11. Nf3 Rfd8 12. Nc3 Rac8 13. Nd5 Ng4 14. Bxg7
Kxg7 15. c4 Kg8 16. Qd2 e6 17. Nc3 d5 18. exd5 Ne7 19. Rad1 exd5 20. cxd5 Nf6
21. d6 Nf5 22. Ne4 Nxe4 23. Rxe4 Qxd6 24. Qxd6 Rxd6 25. Rxd6 Rc1+ 26. Re1 Rxe1+
27. Nxe1 Nxd6 28. Nd3 Kf8 29. f4 Ke7 30. Kf2 b6 31. Ke3 1/2-1/2

[Event "SpringTNM"]
[Site "San Francisco"]
[Date "2005.04.12"]
[Round "3"]
[White "Dembling, Arthur"]
[Black "Curto, Wayne"]
[Result "0-1"]
[WhiteElo "1650"]
[BlackElo "1920"]
[PlyCount "66"]
[EventDate "2005.03.29"]
[EventType "swiss"]
[EventRounds "9"]
[EventCountry "USA"]

1. e4 g6 2. d4 c6 3. Nc3 Bg7 4. Be3 Qb6 5. Rb1 d5 6. Qd2 Nf6 7. exd5 cxd5 8.
Na4 Qc6 9. Nc3 O-O 10. Nf3 Ng4 11. Bg5 f6 12. Bh4 Bh6 13. Qd1 Bg7 14. h3 Nh6
15. Bg3 Nf5 16. Bh2 Nd6 17. Bd3 Nc4 18. Qe2 Nxb2 19. Nd1 Nxd3+ 20. Qxd3 Bf5 21.
Qb5 Bxc2 22. Qxc6 bxc6 23. Rb7 Kf7 24. Ne3 Be4 25. Nd2 Bd3 26. Bd6 Re8 27. Nb3
Na6 28. Kd2 Bb5 29. Nxd5 Ke6 30. Ba3 Kxd5 31. Bxe7 Bf8 32. Re1 Bxe7 33. Rd7+
Bd6 0-1

[Event "SpringTNM"]
[Site "San Francisco"]
[Date "2005.04.12"]
[Round "3"]
[White "Drane, Robert"]
[Black "Ladyzhensky, Boris"]
[Result "0-1"]
[WhiteElo "1892"]
[BlackElo "1706"]
[PlyCount "80"]
[EventDate "2005.03.29"]
[EventType "swiss"]
[EventRounds "9"]
[EventCountry "USA"]

1. e4 c5 2. Nc3 Nc6 3. g3 Nf6 4. Bg2 g6 5. d3 Bg7 6. Be3 d6 7. h3 O-O 8. Qd2
Be6 9. Nge2 Qa5 10. O-O Rad8 11. Nf4 Bd7 12. Nfd5 Nxd5 13. exd5 Nd4 14. Kh2 Nf5
15. Bg5 h6 16. Bf4 Kh7 17. Ne4 Qxd2 18. Bxd2 b5 19. Bc3 Nd4 20. Bxd4 Bxd4 21.
c3 Bg7 22. Rab1 a5 23. Rfe1 f5 24. Nd2 Bf6 25. Re2 Rf7 26. f4 g5 27. fxg5 hxg5
28. Bf3 Kg6 29. Kg2 Rh8 30. a3 Rfh7 31. g4 Rxh3 32. gxf5+ Bxf5 33. Be4 Bxe4+
34. dxe4 g4 35. Nf1 Be5 36. Rbe1 Kg5 37. Re3 Rh1 38. R1e2 Bf4 39. Rd3 c4 40.
Rd1 Rxf1 0-1

[Event "SpringTNM"]
[Site "San Francisco"]
[Date "2005.04.12"]
[Round "3"]
[White "Kleiman, Charles"]
[Black "Gurtovoy, Jason"]
[Result "1-0"]
[WhiteElo "1802"]
[BlackElo "1543"]
[PlyCount "119"]
[EventDate "2005.03.29"]
[EventType "swiss"]
[EventRounds "9"]
[EventCountry "USA"]

1. d4 Nf6 2. c4 e6 3. Nf3 d5 4. Ne5 Nbd7 5. Bg5 Be7 6. Nc3 c6 7. e3 h6 8. Bh4
Nxe5 9. dxe5 Nd7 10. Bg3 Qa5 11. cxd5 exd5 12. Bd3 Bb4 13. Qc2 Nc5 14. O-O Bxc3
15. bxc3 Nxd3 16. Qxd3 O-O 17. Rfb1 b6 18. Rb4 Ba6 19. Qc2 Bb5 20. h3 Qa6 21.
Rd1 c5 22. Rh4 Bc4 23. Rd2 Rae8 24. f4 f6 25. Qg6 fxe5 26. fxe5 Kh8 27. e6 Rxe6
28. Qxe6 Rf6 29. Qe8+ Kh7 30. a4 b5 31. Be5 Re6 32. Qh5 bxa4 33. Qf5+ Rg6 34.
Rg4 a3 35. Rxg6 Qxg6 36. Qxg6+ Kxg6 37. Bd6 a2 38. Rd1 d4 39. Bxc5 dxc3 40.
Bxa7 c2 41. Rc1 Kf5 42. Bd4 Bb3 43. Bxg7 h5 44. Kf2 Ke4 45. Ke2 Kf5 46. Kd3 Kg5
47. Ba1 Kh4 48. Kc3 Ba4 49. Kb4 Bc6 50. Rxc2 Bd5 51. Kc5 Be6 52. Kd6 Bb3 53.
Rb2 Bg8 54. Ke5 Kg3 55. Kd4 h4 56. e4 Be6 57. Ke3 Bxh3 58. gxh3 Kxh3 59. e5 Kg3
60. e6 1-0

[Event "SpringTNM"]
[Site "San Francisco"]
[Date "2005.04.12"]
[Round "3"]
[White "Krasnov, Steven"]
[Black "Kastor, Mark"]
[Result "1-0"]
[WhiteElo "1848"]
[BlackElo "1667"]
[PlyCount "37"]
[EventDate "2005.03.29"]
[EventType "swiss"]
[EventRounds "9"]
[EventCountry "USA"]

1. Nf3 Nf6 2. b3 e6 3. Bb2 b6 4. d3 d5 5. g3 Bb7 6. Bg2 Nbd7 7. Nbd2 Bd6 8. O-O
Qe7 9. Re1 c5 10. e4 d4 11. e5 Nxe5 12. Nxe5 Bxg2 13. Kxg2 O-O 14. Ndc4 Qb7+
15. Qf3 Qc7 16. a4 Nd5 17. Nxd6 Qxd6 18. Nc4 Qe7 19. Qxd5 1-0

[Event "SpringTNM"]
[Site "San Francisco"]
[Date "2005.04.12"]
[Round "3"]
[White "Livschitz, Louiza"]
[Black "Dunham, Tom"]
[Result "1-0"]
[WhiteElo "1807"]
[BlackElo "1064"]
[PlyCount "75"]
[EventDate "2005.03.29"]
[EventType "swiss"]
[EventRounds "9"]
[EventCountry "USA"]

1. d4 d5 2. c4 c6 3. Nf3 Nf6 4. Nc3 e6 5. e3 Nbd7 6. Bd3 dxc4 7. Bxc4 b5 8. Bd3
Bb7 9. O-O a6 10. a3 c5 11. Qe2 c4 12. Bc2 Be7 13. Bd2 O-O 14. b3 cxb3 15. Bxb3
Qb6 16. Rfc1 Rfd8 17. a4 b4 18. a5 Qd6 19. Na2 Nd5 20. Bxd5 Qxd5 21. Nxb4 Bxb4
22. Bxb4 Qf5 23. Rc7 Bxf3 24. Qxf3 Qxf3 25. gxf3 Nf6 26. Rac1 Nd5 27. Rb7 Nxb4
28. Rxb4 Kf8 29. Rc7 Rd5 30. Rbb7 Rg5+ 31. Kf1 f6 32. Rf7+ Kg8 33. f4 Rg6 34.
Rfe7 f5 35. Ra7 Rxa7 36. Rxa7 e5 37. fxe5 Kf8 38. d5 1-0

[Event "SpringTNM"]
[Site "San Francisco"]
[Date "2005.04.12"]
[Round "3"]
[White "McCutchen, Wilmot"]
[Black "Wood, Jared"]
[Result "0-1"]
[WhiteElo "1562"]
[BlackElo "1816"]
[PlyCount "52"]
[EventDate "2005.03.29"]
[EventType "swiss"]
[EventRounds "9"]
[EventCountry "USA"]

1. f4 d5 2. e3 Nf6 3. d4 Bf5 4. Bd3 Bxd3 5. cxd3 e6 6. Nf3 c5 7. Nc3 Nc6 8.
dxc5 Bxc5 9. d4 Bb4 10. a3 Bxc3+ 11. bxc3 Ne4 12. Qd3 Qa5 13. Bb2 Qa4 14. O-O
O-O 15. Nd2 Nxd2 16. Qxd2 Qc4 17. Rfb1 Na5 18. a4 Nb3 19. Qc2 Nxa1 20. Bxa1 b6
21. Rb4 Qc6 22. Qd3 Rfc8 23. f5 Rc7 24. fxe6 fxe6 25. Qe2 Rf8 26. c4 Rcf7 0-1

[Event "SpringTNM"]
[Site "San Francisco"]
[Date "2005.04.12"]
[Round "3"]
[White "Parker, Frank"]
[Black "Handler, Andrew"]
[Result "1-0"]
[WhiteElo "1823"]
[BlackElo "1648"]
[PlyCount "67"]
[EventDate "2005.03.29"]
[EventType "swiss"]
[EventRounds "9"]
[EventCountry "USA"]

1. d4 e6 2. e4 d5 3. Bd3 dxe4 4. Bxe4 Nf6 5. Bg5 Be7 6. Bxf6 Bxf6 7. Nf3 c5 8.
c3 cxd4 9. cxd4 Nc6 10. Bxc6+ bxc6 11. O-O O-O 12. Nc3 c5 13. dxc5 Bxc3 14.
Qxd8 Rxd8 15. bxc3 f6 16. Rfd1 Rxd1+ 17. Rxd1 e5 18. Rd8+ Kf7 19. Nd2 Ke7 20.
Rh8 h6 21. Nb3 Bb7 22. Rxa8 Bxa8 23. f3 Ke6 24. c4 e4 25. fxe4 Bxe4 26. Kf2 Ke5
27. g3 g5 28. Nd2 Bc6 29. Ke3 f5 30. Nf3+ Kf6 31. Nd4 Be4 32. c6 a6 33. c7 Bb7
34. Nc6 1-0

[Event "SpringTNM"]
[Site "San Francisco"]
[Date "2005.04.12"]
[Round "3"]
[White "Russell, Joe"]
[Black "Sainz, Guadalupe"]
[Result "1-0"]
[WhiteElo "1207"]
[BlackElo "1654"]
[PlyCount "59"]
[EventDate "2005.03.29"]
[EventType "swiss"]
[EventRounds "9"]
[EventCountry "USA"]

1. e4 c5 2. Nf3 d6 3. d4 cxd4 4. Nxd4 Nf6 5. Nc3 a6 6. Be2 e5 7. Nb3 Be7 8. O-O
O-O 9. Kh1 b5 10. a3 Bb7 11. f3 Bc8 12. Be3 Be6 13. Nd5 Nxd5 14. exd5 Bc8 15.
c4 bxc4 16. Bxc4 Nd7 17. Rc1 f5 18. f4 Bf6 19. fxe5 Bxe5 20. Bd4 Bb7 21. Bxe5
dxe5 22. d6+ Kh8 23. Be6 Rf6 24. Bxf5 Rh6 25. Qd3 Qh4 26. h3 e4 27. Qd4 Qg3 28.
Bxd7 Rxd6 29. Qb4 Rg6 30. Qf8+ 1-0

[Event "SpringTNM"]
[Site "San Francisco"]
[Date "2005.04.12"]
[Round "3"]
[White "Traub, Igor"]
[Black "Sanguinetti, George"]
[Result "0-1"]
[WhiteElo "2114"]
[BlackElo "1957"]
[PlyCount "111"]
[EventDate "2005.03.29"]
[EventType "swiss"]
[EventRounds "9"]
[EventCountry "USA"]

1. e4 c5 2. d3 e6 3. Nd2 Nc6 4. Ngf3 Be7 5. g3 Nf6 6. Bg2 O-O 7. O-O Rb8 8. a4
a6 9. e5 Ne8 10. Ne4 f6 11. d4 cxd4 12. exf6 gxf6 13. Nxd4 d5 14. Nc3 Kh8 15.
Nde2 Nc7 16. Bh6 Rf7 17. Nf4 Nb4 18. Nce2 Bf8 19. Bxf8 Qxf8 20. c3 Nc6 21. b4
Ne5 22. Nd3 Nc4 23. Nef4 b6 24. Re1 Re7 25. Qh5 Qf7 26. Qh4 Bb7 27. Bf3 Nd2 28.
Bh5 Qg7 29. a5 bxa5 30. Nc5 Bc8 31. Rxa5 Nc4 32. Ra2 Ne5 33. Be2 Rb6 34. Nh5
Qg5 35. Qd4 Nb5 36. f4 Nxd4 37. fxg5 Ndf3+ 38. Kf2 Nxe1 39. gxf6 Rf7 40. Kxe1
Nd7 41. Nxd7 Rxd7 42. Kf2 Rc7 43. Ra3 Kg8 44. Ke3 e5 45. g4 Rbc6 46. Kd2 d4 47.
c4 e4 48. c5 d3 49. Bd1 Rb7 50. Ra4 Kf8 51. h4 Be6 52. Ng3 Bd5 53. g5 Re6 54.
Nf5 Rb8 55. Ne3 Bb7 56. Bg4 0-1

[Event "SpringTNM"]
[Site "San Francisco"]
[Date "2005.04.12"]
[Round "3"]
[White "Wong, Russell"]
[Black "Singh, Alok"]
[Result "1/2-1/2"]
[WhiteElo "2224"]
[BlackElo "1741"]
[PlyCount "67"]
[EventDate "2005.03.29"]
[EventType "swiss"]
[EventRounds "9"]
[EventCountry "USA"]

1. e4 c6 2. d4 d5 3. Nc3 g6 4. Be3 Bg7 5. Qd2 dxe4 6. Nxe4 Nf6 7. Nxf6+ exf6 8.
O-O-O a5 9. h4 h5 10. Kb1 Na6 11. d5 Nb4 12. dxc6 Qxd2 13. Rxd2 Nxc6 14. Bc4
O-O 15. Nf3 Bg4 16. Nd4 Rfc8 17. c3 Bd7 18. Bb5 Be8 19. Nb3 Ne5 20. Rd5 Nc4 21.
Bc1 Nb6 22. Rd6 Nc4 23. Bxc4 Rxc4 24. Re1 {
remainder illegible; drawn in 41 moves} Bf8 25. Rd4 Rcc8 26. Bd2 a4 27. Nc1 Bc5
28. Rf4 f5 29. Nd3 Bd6 30. Rd4 Bg3 31. Re7 Bc6 32. Bg5 Rd8 33. Rxd8+ Rxd8 34.
Bf6 1/2-1/2

[Event "SpringTNM"]
[Site "San Francisco"]
[Date "2005.04.12"]
[Round "3"]
[White "Yap, Nicholas"]
[Black "Hilliard, Michael"]
[Result "1-0"]
[WhiteElo "2208"]
[BlackElo "1420"]
[PlyCount "33"]
[EventDate "2005.03.29"]
[EventType "swiss"]
[EventRounds "9"]
[EventCountry "USA"]

1. e4 c6 2. d4 d5 3. Nd2 dxe4 4. Nxe4 Bf5 5. Ng3 Bg6 6. Nf3 Nd7 7. h4 h5 8. Bd3
Bxd3 9. Qxd3 e6 10. Bd2 Ngf6 11. O-O-O Be7 12. Ng5 Rf8 13. Rhe1 Qc7 14. Rxe6
Nb6 (14... fxe6 $2 15. Qg6+ Kd8 16. Nxe6+) 15. Rxe7+ Kxe7 16. Bb4+ Kd7 17. Qf5+
1-0

[Event "Lovegrove Senior Open"]
[Site "San Francisco"]
[Date "2005.04.02"]
[Round "1"]
[White "McCalley, Rod"]
[Black "Snyder, Larry"]
[Result "0-1"]
[WhiteElo "1817"]
[BlackElo "2056"]
[PlyCount "118"]
[EventDate "2005.04.01"]
[EventType "swiss"]
[EventRounds "4"]
[EventCountry "USA"]

1. d4 Nf6 2. c4 g6 3. Nc3 d5 4. Nf3 Bg7 5. Qb3 dxc4 6. Qxc4 O-O 7. e4 a6 8. Bf4
b5 9. Qxc7 Qxc7 10. Bxc7 Bb7 11. d5 b4 12. Na4 Nxe4 13. Bc4 Rc8 14. Bxb8 Raxb8
15. Nb6 Rd8 16. O-O Rd6 17. Na4 Bxd5 18. Rac1 e6 19. Rc2 Nf6 20. Bxd5 Nxd5 21.
Rfc1 Kf8 22. h4 Ke7 23. Ng5 h5 24. Ne4 Rd7 25. Rc6 Ra7 26. b3 Be5 27. g3 Rc7
28. Kg2 a5 29. Rxc7+ Bxc7 30. Kf3 Bd8 31. Rc6 Nb6 32. Nac5 Rc8 33. Rxc8 Nxc8
34. Nd2 Na7 35. Nc4 Nc6 36. Ke4 Bc7 37. f4 f5+ 38. Kf3 e5 39. fxe5 Nxe5+ 40.
Nxe5 Bxe5 41. Nd3 Bd6 42. Nb2 Kf6 43. Nc4 Bc7 44. Ne3 Ke5 45. Nc2 Bd6 46. Ke3
Bc5+ 47. Kf3 Bb6 48. a3 Bc5 49. axb4 axb4 50. Ne3 Kd4 51. Nc4 Kc3 52. Na5 Bb6
53. Nc6 Kxb3 54. Kf4 Bc7+ 55. Kg5 Bxg3 56. Kxg6 f4 57. Kxh5 f3 58. Nd4+ Kc3 59.
Nxf3 b3 0-1

[Event "Lovegrove Senior Open"]
[Site "San Francisco"]
[Date "2005.04.02"]
[Round "1"]
[White "McDaniel, Keith"]
[Black "Luke, Gary"]
[Result "1-0"]
[WhiteElo "1976"]
[BlackElo "1815"]
[PlyCount "79"]
[EventDate "2005.04.01"]
[EventType "swiss"]
[EventRounds "4"]
[EventCountry "USA"]

1. d4 d5 2. Nf3 Nf6 3. c4 c6 4. g3 e6 5. Bg2 Bb4+ 6. Bd2 Bd6 7. Nc3 h6 8. Qc2
Nbd7 9. Rd1 O-O 10. O-O Re8 11. Rfe1 dxc4 12. e4 e5 13. dxe5 Bxe5 14. Nh4 Kh8
15. Nf5 Ng8 16. Qc1 Qf6 17. f4 Bc7 18. Na4 Qe6 19. Bc3 f6 20. Bb4 a5 21. Bd6
Bd8 22. Kh1 b6 23. Qc2 Bb7 24. Ba3 Bc7 25. Nh4 Nf8 26. Bxf8 Rxf8 27. Ng6+ Kh7
28. Nxf8+ Rxf8 29. Rd2 Kh8 30. Red1 Rf7 31. a3 h5 32. Qc3 c5 33. Qf3 g6 34. f5
gxf5 35. Qxh5+ Rh7 36. Qxf5 Qe8 37. Rd7 Rh5 38. Qf3 f5 39. Rxc7 Bxe4 40. Qc3+
1-0

[Event "Lovegrove Senior Open"]
[Site "San Francisco"]
[Date "2005.04.02"]
[Round "2"]
[White "Krasnov, Steven"]
[Black "McCalley, Rod"]
[Result "1-0"]
[WhiteElo "1848"]
[BlackElo "1817"]
[PlyCount "93"]
[EventDate "2005.04.01"]
[EventType "swiss"]
[EventRounds "4"]
[EventCountry "USA"]

1. c4 Nf6 2. Nf3 e6 3. g3 c5 4. Nc3 Nc6 5. Bg2 Be7 6. d4 cxd4 7. Nxd4 Qc7 8.
O-O a6 9. e4 O-O 10. h3 Bc5 11. Be3 Nxd4 12. Bxd4 e5 13. Bxc5 Qxc5 14. Qe2 d6
15. Rac1 Be6 16. b3 Rac8 17. Qd2 Rfd8 18. Rfd1 Ne8 19. Kh2 b5 20. cxb5 axb5 21.
Bf1 Qb4 22. Bxb5 Nf6 23. Bd3 d5 24. exd5 Nxd5 25. Bc4 Kf8 26. Nxd5 Qxd2 27.
Rxd2 Rxd5 28. Bxd5 Rxc1 29. Bxe6 fxe6 30. Kg2 Ke7 31. Kf3 h6 32. Ke4 Re1+ 33.
Kd3 e4+ 34. Kd4 e3 35. fxe3 Rg1 36. e4 Rxg3 37. Rd3 e5+ 38. Kc3 Rg2 39. a4 Re2
40. a5 Rxe4 41. a6 Re1 42. b4 e4 43. Rd5 e3 44. a7 e2 45. Re5+ Kd6 46. a8=Q
Kxe5 47. Kd2 1-0

[Event "Lovegrove Senior Open"]
[Site "San Francisco"]
[Date "2005.04.02"]
[Round "2"]
[White "Luke, Gary"]
[Black "Starr, Albert"]
[Result "1-0"]
[WhiteElo "1814"]
[BlackElo "1350"]
[PlyCount "105"]
[EventDate "2005.04.01"]
[EventType "swiss"]
[EventRounds "4"]
[EventCountry "USA"]

1. e4 d6 2. d4 Nf6 3. Nc3 g6 4. Bc4 e6 5. Nge2 Bg7 6. O-O O-O 7. Bb3 c5 8. f3
a6 9. a4 Qc7 10. Be3 b6 11. Qd2 Bb7 12. Rad1 Nbd7 13. Bh6 Kh8 14. Bxg7+ Kxg7
15. Nf4 cxd4 16. Qxd4 e5 17. Ncd5 Qc5 18. Qxc5 dxc5 19. Nxf6 Nxf6 20. Nd5 b5
21. axb5 axb5 22. Nc7 Ra5 23. c4 bxc4 24. Bxc4 Rc8 25. Nb5 Bc6 26. Nd6 Rc7 27.
g4 Ne8 28. g5 Nxd6 29. Rxd6 Bb5 30. Rc1 Bxc4 31. Rxc4 Rb5 32. Rd2 h6 33. h4
hxg5 34. hxg5 f6 35. gxf6+ Kxf6 36. Rdc2 Rcb7 37. Kg2 Rxb2 38. Rxc5 Rxc2+ 39.
Rxc2 Rb6 40. Kg3 Re6 41. Kg4 Re7 42. Rc6+ Re6 43. Rc8 Re7 44. Ra8 Rf7 45. Ra6+
Kg7 46. Re6 Rf4+ 47. Kg3 g5 48. Rxe5 Kf6 49. Ra5 Kg6 50. Ra6+ Rf6 51. Rxf6+
Kxf6 52. Kg4 Kg6 53. e5 1-0

[Event "Lovegrove Senior Open"]
[Site "San Francisco"]
[Date "2005.04.03"]
[Round "3"]
[White "McCalley, Rod"]
[Black "Luke, Gary"]
[Result "1/2-1/2"]
[WhiteElo "1817"]
[BlackElo "1814"]
[PlyCount "115"]
[EventDate "2005.04.01"]
[EventType "swiss"]
[EventRounds "4"]
[EventCountry "USA"]

1. e4 e5 2. Nf3 Nc6 3. Bb5 Be7 4. O-O Bf6 5. Re1 Nge7 6. d4 Ng6 7. d5 Nb8 8. c4
O-O 9. Nc3 d6 10. Be3 Nd7 11. b4 Qe7 12. Ne2 Rd8 13. Ng3 Nf4 14. Nf5 Qf8 15. g3
g6 16. N5h4 Nh5 17. Rc1 Be7 18. Qd2 Ndf6 19. Bh6 Ng7 20. c5 dxc5 21. bxc5 Ng4
22. Bg5 f6 23. Bh6 g5 24. Bxg7 Qxg7 25. Nf5 Bxf5 26. exf5 Nh6 27. Qd3 b6 28.
Bc6 Rab8 29. cxb6 axb6 30. a4 Bc5 31. Kg2 Rd6 32. a5 Bb4 33. a6 Rxc6 34. dxc6
Bxe1 35. Nxe1 Nf7 36. Qd5 Kf8 37. Nd3 Nd6 38. g4 Qf7 39. Nb4 Qxd5+ 40. Nxd5 Ne8
41. Kf3 Ra8 42. Ra1 Ra7 43. Ke4 Nd6+ 44. Kd3 Ne8 45. Kc3 Kf7 46. Nb4 Nd6 47. f3
Nb5+ 48. Kc4 Nd4 49. Nd5 Nxc6 50. Ra3 Nd4 51. Nb4 c6 52. Nxc6 Nxc6 53. Kb5 Nb8
54. Kxb6 Rxa6+ 55. Rxa6 Nxa6 56. Kxa6 Ke7 57. Kb7 Kd7 58. Kb8 1/2-1/2

[Event "Lovegrove Senior Open"]
[Site "San Francisco"]
[Date "2005.04.03"]
[Round "3"]
[White "Starr, Albert"]
[Black "Parker, Harold"]
[Result "1-0"]
[WhiteElo "1348"]
[BlackElo "1567"]
[PlyCount "127"]
[EventDate "2005.04.01"]
[EventType "swiss"]
[EventRounds "4"]
[EventCountry "USA"]

1. b4 d5 2. e3 e5 3. b5 Be6 4. Bb2 Bd6 5. Nf3 Nd7 6. Be2 f6 7. O-O Ne7 8. d3
O-O 9. Nbd2 c5 10. c4 d4 11. exd4 exd4 12. a4 b6 13. Re1 Bf7 14. Bf1 Re8 15.
Ra3 Ne5 16. Qa1 N7g6 17. g3 Qd7 18. a5 Nxf3+ 19. Nxf3 Rab8 20. Rxe8+ Bxe8 21.
axb6 axb6 22. Ra7 Rb7 23. Ra8 Rb8 24. Bg2 Qc7 25. Bc1 h6 26. Ra7 Rb7 27. Rxb7
Qxb7 28. Nxd4 Qb8 29. Nc6 Qc7 30. Qa8 Kf8 31. Qd8 Qxd8 32. Nxd8 Ke7 33. Nc6+
Kd7 34. d4 cxd4 35. Nxd4 Bf8 36. Be3 Ne5 37. Bd5 Bf7 38. Nc6 Bxd5 39. Nxe5+
fxe5 40. cxd5 Kd6 41. Bxb6 Kxd5 42. Bc7 e4 43. b6 Kc6 44. Kf1 Bc5 45. Ke2 g5
46. h3 h5 47. f4 exf3+ 48. Kxf3 h4 49. gxh4 gxh4 50. Bd8 Bd4 51. Kg4 Bc3 52.
Kxh4 Bd4 53. Kg5 Be3+ 54. Kg6 Bf2 55. Kh5 Be1 56. h4 Bd2 57. Kg4 Bc1 58. h5 Bd2
59. Bg5 Bc3 60. Be3 Bg7 61. Kg5 Bf8 62. h6 Be7+ 63. Kg6 Ba3 64. Bd4 1-0

[Event "Lovegrove Senior Open"]
[Site "San Francisco"]
[Date "2005.04.03"]
[Round "4"]
[White "McK, Peter"]
[Black "Starr, Albert"]
[Result "1-0"]
[WhiteElo "1771"]
[BlackElo "1377"]
[PlyCount "81"]
[EventDate "2005.04.01"]
[EventType "swiss"]
[EventRounds "4"]
[EventCountry "USA"]

1. d4 d5 2. Nf3 Nf6 3. e3 g6 4. c4 e6 5. Nc3 Bg7 6. b3 O-O 7. Bb2 a6 8. Bd3
dxc4 9. bxc4 b6 10. O-O Bb7 11. Qe2 Nbd7 12. Rfd1 c5 13. dxc5 bxc5 14. Rab1 Qc7
15. h3 Rfd8 16. Bc2 Rab8 17. e4 Bc6 18. Nd2 Qb7 19. Na4 Qa8 20. Qe3 Qa7 21. Ba3
Bf8 22. e5 Ne8 23. Nc3 Ng7 24. Bb2 Qc7 25. Ne2 Rb7 26. Ng3 Rdb8 27. Bc3 Nb6 28.
Nge4 Nf5 29. Nf6+ Kg7 30. Bxf5 exf5 31. e6 Qd8 32. Qe5 fxe6 33. Nd7+ Kf7 34.
Nxb8 Rxb8 35. Nf3 Nxc4 36. Qxb8 Qe7 37. Ne5+ Nxe5 38. Qxe5 Bd5 39. Rb8 Bxa2 40.
Rdd8 Bh6 41. Rd7 1-0

[Event "Konig Memorial G/45"]
[Site "San Francisco"]
[Date "2005.04.16"]
[Round "1"]
[White "Aiken, Joseph"]
[Black "Bedoya, Pablo"]
[Result "0-1"]
[WhiteElo "1478"]
[BlackElo "1864"]
[PlyCount "49"]
[EventDate "2005.04.16"]
[EventType "swiss (rapid)"]
[EventRounds "5"]
[EventCountry "USA"]

1. Nf3 d5 2. g3 Nf6 3. Bg2 e6 4. d3 Nbd7 5. Nbd2 c6 6. c4 b6 7. Rb1 Bb7 8. b4
Bd6 9. O-O Qe7 10. a3 c5 11. Qb3 d4 12. Ng5 Bxg2 13. Kxg2 O-O 14. Nge4 Nxe4 15.
Nxe4 h6 16. Nxd6 Qxd6 17. Bf4 e5 18. Bd2 Qg6 19. f4 Rfe8 20. f5 Qg4 21. Rf2 e4
22. dxe4 Rxe4 23. Qf3 Nf6 24. bxc5 bxc5 25. Rb5 {no more moves recorded} 0-1

[Event "Konig Memorial G/45"]
[Site "San Francisco"]
[Date "2005.04.16"]
[Round "1"]
[White "Chan, John"]
[Black "Pinto, Mark"]
[Result "0-1"]
[WhiteElo "1626"]
[BlackElo "2200"]
[PlyCount "88"]
[EventDate "2005.04.16"]
[EventType "swiss (rapid)"]
[EventRounds "5"]
[EventCountry "USA"]

1. c4 g6 2. Nc3 Bg7 3. g3 f5 4. Bg2 e5 5. d3 Nf6 6. Bg5 h6 7. Bxf6 Qxf6 8. Nf3
c6 9. a4 O-O 10. O-O Na6 11. Rb1 Nc7 12. Qc2 Ne6 13. e3 g5 14. h3 d6 15. a5 Bd7
16. Rbd1 Rad8 17. d4 e4 18. Nh2 Be8 19. d5 Nc5 20. Rd2 Bg6 21. dxc6 bxc6 22.
Rfd1 Rfe8 23. Na2 f4 24. Ng4 Qf8 25. Nb4 h5 26. Nxc6 hxg4 27. Nxd8 Rxd8 28.
hxg4 Be5 29. exf4 gxf4 30. b4 Nd3 31. c5 fxg3 32. fxg3 Bd4+ 33. Kh2 Qh6+ 34.
Bh3 dxc5 35. bxc5 Kg7 36. Qc4 Ne5 37. Qe6 Rh8 38. g5 Nf3+ 39. Kg2 Qxh3+ 40.
Qxh3 Rxh3 41. Rxd4 Rh2+ 42. Kf1 e3 43. Rd7+ Bf7 44. Re1 Rf2# 0-1